Bandiere d'Europa - Morte improvvisa - Statistics

Statistiche generali
  • Questo quiz è stato fatto 327 volte
  • Il punteggio medio è 10 su 18
Answers on the Grid
Answers color-coded by a green-red scale on the quiz's grid according to % correct below.
 
Statistiche sulle risposte
Risposta % Corretto
65%
62%
61%
60%
59%
59%
59%
57%
56%
56%
56%
56%
56%
56%
55%
53%
50%
48%
Nessun quiz corrispondente trovato
Distribuzione punteggi
Percentuale di utenti per punteggio
Percentile per numero di risposta
I tuoi punteggi nel tempo
Non hai fatto questo quiz